000 00592nam a2200193 i 4500
001 79535
003 ES-MaACL
007 t|
008 041021s1954 sp ||||1| spa d
100 1 _aHerce, Félix.
_962672
245 1 0 _aAnálisis agrícola
_b: fundamentos y técnicas operatorias /
_cpor Pedro Herce.
260 _aMadrid :
_bDossat,
_c1954 (
_fNuevas Gráficas)
300 _aXXXIX, 904 p. :
_bil. ;
_c26 cm.
490 1 _aAgrotécnica
830 0 _aAgrotécnica
_9183277
852 _aES-MaACL
_jC-5981
_bR.35706
852 _aES-MaACL
_jC-7119
_bR.36449
999 _c79535
_d79535